Les vingt-deux métropoles de France - Statistiques

Statistiques générales
  • Ce quiz a été pris 1 527 fois
  • Le résultat moyen est 18 sur 22
Statistiques - réponses
Population (2020) Réponse % Correct
7 094 649 Métropole du grand Paris
100%
1 898 561 Métropole d'Aix-Marseille-Provence
99%
1 416 545 Métropole de Lyon
98%
1 179 050 Métropole de Lille
97%
814 049 Métropole de Bordeaux
96%
796 203 Métropole de Toulouse
95%
550 498 Métropole de Nice
94%
505 272 Métropole de Strasbourg
94%
665 204 Métropole de Nantes
92%
457 416 Métropole de Rennes
90%
491 417 Métropole de Montpellier
82%
211 156 Métropole de Brest
79%
446 612 Métropole de Grenoble
76%
255 127 Métropole de Dijon
73%
296 180 Métropole de Clermont-Ferrand
71%
224 863 Métropole de Metz
71%
257 915 Métropole de Nancy
69%
494 299 Métropole de Rouen
67%
405 479 Métropole de Saint-Étienne
67%
443 229 Métropole de Toulon
67%
288 229 Métropole d'Orléans
67%
296 074 Métropole de Tours
63%
Aucun quiz correspondant
Distribution des résultats
% des personnes avec chaque résultat
Percentile par nombre de réponses
Votre historique - résultats
Vous n’avez pas pris ce quiz